| 000 | 00654nam a2200253Ia 4500 | ||
|---|---|---|---|
| 003 | OSt | ||
| 005 | 20221007072719.0 | ||
| 006 | a|||||r|||| 00| 0 | ||
| 007 | ta | ||
| 008 | 221006b |||||||| |||| 00| 0 eng d | ||
| 024 | _a23,935 | ||
| 037 | _cTextual | ||
| 040 |
_aFLL _cFLL _beng |
||
| 041 |
_2eng _aeng |
||
| 082 | _aZ3:5y7, K3;K9 | ||
| 100 |
_aElliott D. W. _9691264 |
||
| 245 | 0 | _aCriminal law | |
| 250 | _a2nd | ||
| 260 |
_aLondon _bSweet & Maxwell UK _c1969 |
||
| 300 |
_axxx,418p _ccm. |
||
| 700 |
_a Wood J.C. _9688786 |
||
| 942 |
_hZ3:5y7, K3;K9 _cTEXL _2CC |
||
| 999 |
_c1146789 _d1146789 |
||